Neorealism and its critics / (Record no. 8554)
[ view plain ]
| 000 -LEADER | |
|---|---|
| fixed length control field | 01619nac a22002771u 4500 |
| 010 ## - LIBRARY OF CONGRESS CONTROL NUMBER | |
| LC control number | 86002247 |
| 020 ## - INTERNATIONAL STANDARD BOOK NUMBER | |
| International Standard Book Number | 0231063482 |
| 020 ## - INTERNATIONAL STANDARD BOOK NUMBER | |
| International Standard Book Number | 0231063490 (pbk.) |
| 082 00 - DEWEY DECIMAL CLASSIFICATION NUMBER | |
| Classification number | 327.101 |
| Item number | KEO |
| 090 ## - LOCALLY ASSIGNED LC-TYPE CALL NUMBER (OCLC); LOCAL CALL NUMBER (OCLC) | |
| -- | 8554 |
| -- | 8554 |
| 100 ## - MAIN ENTRY--PERSONAL NAME | |
| Personal name | 20080729 |
| 245 00 - TITLE STATEMENT | |
| Title | Neorealism and its critics / |
| Statement of responsibility, etc | Robert O. Keohane, editor. |
| 260 ## - PUBLICATION, DISTRIBUTION, ETC. (IMPRINT) | |
| Place of publication, distribution, etc | New York : |
| Name of publisher, distributor, etc | Columbia University Press,C.1986. |
| Date of publication, distribution, etc | C.1986. |
| 300 ## - PHYSICAL DESCRIPTION | |
| Extent | x, 378 p. ; |
| Dimensions | 24 cm. |
| 440 #4 - | |
| -- | The Political economy of international change |
| 500 ## - GENERAL NOTE | |
| General note | Includes index. |
| 500 ## - GENERAL NOTE | |
| General note | Distributer: Baccah. |
| 504 ## - BIBLIOGRAPHY, ETC. NOTE | |
| Bibliography, etc | Bibliography: p. [347]-366. |
| 505 0# - FORMATTED CONTENTS NOTE | |
| Formatted contents note | Realism, neorealism, and the study of world politics / Robert O. Keohane -- Laws and theories / Kenneth N. Waltz -- Reductionist and systemic theories / Kenneth N. Waltz -- Political structures / Kenneth N. Waltz -- Anarchic orders and balances of power / Kenneth N. Waltz -- Continuity and transformation in the world polity / John Gerard Ruggie -- Theory of world politics / Robert O. Keohane -- Social forces, states, and world orders / Robert W. Cox -- The poverty of neorealism / Richard K. Ashley -- The richness of the tradition of political realism / Robert G. Gilpin -- Reflections on theory of international politics / Kenneth N. Waltz. |
| 511 ## - PARTICIPANT OR PERFORMER NOTE | |
| Participant or performer note | Catalogued By: Mhaitab. |
| 650 #0 - SUBJECT ADDED ENTRY--TOPICAL TERM | |
| Topical term or geographic name as entry element | International relations. |
| 650 #0 - SUBJECT ADDED ENTRY--TOPICAL TERM | |
| Topical term or geographic name as entry element | World politics |
| Chronological subdivision | 1945-1989. |
| 700 1# - ADDED ENTRY--PERSONAL NAME | |
| Personal name | Keohane, Robert O. |
| Fuller form of name | (Robert Owen), |
| Dates associated with a name | 1941- |
| 942 ## - ADDED ENTRY ELEMENTS (KOHA) | |
| Item type | Book - Borrowing |
| Call number prefix | 327.101KEO |
| Withdrawn status | Item status | Damaged status | Not for loan | Home library | Current library | Shelving location | Date acquired | Source of acquisition | Total Checkouts | Total Renewals | Full call number | Barcode | Date last seen | Date last borrowed | Koha item type |
|---|---|---|---|---|---|---|---|---|---|---|---|---|---|---|---|
| Central Library | Central Library | First floor | 08/03/2012 | Purchase | 13 | 53 | 327.101KEO | 000010367 | 15/07/2025 | 04/04/2016 | Book - Borrowing |